Ramayana (Record no. 183766)
[ view plain ]
| 000 -LEADER | |
|---|---|
| fixed length control field | 00686nam a22001937a 4500 |
| 005 - DATE AND TIME OF LATEST TRANSACTION | |
| control field | 20220104115552.0 |
| 010 ## - LCCN (DPL NO) | |
| LC control number | ENG-130898 |
| 020 ## - INTERNATIONAL STANDARD BOOK NUMBER | |
| International Standard Book Number | 978-93-86473-71-4 |
| Terms of availability | 995.00 |
| 035 ## - SYSTEM CONTROL NUMBER | |
| System control number | EN-114430 |
| 037 ## - SOURCE OF ACQUISITION | |
| Source of stock number/acquisition | DBAD |
| 082 ## - DEWEY DECIMAL CLASSIFICATION NUMBER | |
| Classification number | 230.1 |
| 100 ## - MAIN ENTRY--PERSONAL NAME | |
| Personal name | Parthasarathy, Indira |
| 245 ## - TITLE STATEMENT | |
| Title | Ramayana |
| Statement of responsibility, etc | Indira Parthasarathy, Edited by C T Indira & Prema Jagannathan |
| Remainder of title | A Comparative Study of Ramkathas |
| Medium | Eng |
| 260 ## - PUBLICATION, DISTRIBUTION, ETC. (IMPRINT) | |
| Place of publication, distribution, etc | New Delhi |
| Name of publisher, distributor, etc | Renu Kaul Verma |
| Date of publication, distribution, etc | 2022 |
| 270 ## - ADDRESS | |
| City | New Delhi |
| Postal code | 110002 |
| Address | 2/15, Ansari Road, Daryaganj |
| Electronic mail address | info@vitastapublishing.com |
| 300 ## - PHYSICAL DESCRIPTION | |
| Extent | xix, 388p |
| Dimensions | 22cm(pbk) |
| 700 ## - ADDED ENTRY--PERSONAL NAME | |
| Personal name | Translated by C T Indra & Prema Jagannathan |
| 942 ## - ADDED ENTRY ELEMENTS (KOHA) | |
| Source of classification or shelving scheme | Dewey Decimal Classification |
| Item type | English Books |
| Classification part | 230.1 |
| Call number suffix | PAR |
| Withdrawn status | Lost status | Not for loan | Collection code | Home library | Current library | Date acquired | Cost, normal purchase price | Full call number | Barcode | Copy number | Cost, replacement price | Koha item type |
|---|---|---|---|---|---|---|---|---|---|---|---|---|
| Non-fiction | Mobile Library | Mobile Library | 04/01/2022 | 995.00 | 230.1 PAR | EN-114430 | 1 | 995.00 | English Books |
